Low-Volume Road Engineering: Design, Construction, and Maintenance / (Record no. 615647)

000 -LEADER
fixed length control field 00419nam a22001337a 4500
020 ## - INTERNATIONAL STANDARD BOOK NUMBER
Qualifying information PB.
040 ## - CATALOGING SOURCE
Transcribing agency FIZZA ISHAQ
082 ## - DEWEY DECIMAL CLASSIFICATION NUMBER
Classification number 624.1
Author Mark ROB
100 ## - MAIN ENTRY--PERSONAL NAME
Personal name Douglas, Robert A.
9 (RLIN) 132502
245 ## - TITLE STATEMENT
Title Low-Volume Road Engineering: Design, Construction, and Maintenance /
Statement of responsibility, etc. Robert A. Douglas.
260 ## - PUBLICATION, DISTRIBUTION, ETC.
Place of publication, distribution, etc. NEW YORK:
Name of publisher, distributor, etc. ‎ CRC Press,
Date of publication, distribution, etc. 2017.
300 ## - PHYSICAL DESCRIPTION
Extent Index Inc 320 P. ;
Dimensions 6.14 x 0.79 x 9.21 inches
942 ## - ADDED ENTRY ELEMENTS (KOHA)
Source of classification or shelving scheme
Koha item type Book
Holdings
Withdrawn status Lost status Source of classification or shelving scheme Damaged status Not for loan Permanent Location Current Location Shelving location Date acquired Total Checkouts Full call number Barcode Date last seen Price effective from Koha item type
          NUST Baluchistan Campus (NBC) NUST Baluchistan Campus (NBC) General Stacks 12/19/2025   624.1 ROB Q-6375 12/19/2025 12/19/2025 Book
© 2023 Central Library, National University of Sciences and Technology. All Rights Reserved.